Introduction to computational metagenomics / (Record no. 49741)
[ view plain ]
| 000 -LEADER | |
|---|---|
| fixed length control field | 03181cam a2200409Ia 4500 |
| 003 - CONTROL NUMBER IDENTIFIER | |
| control field | WSP |
| 005 - DATE AND TIME OF LATEST TRANSACTION | |
| control field | 20260416153409.0 |
| 008 - FIXED-LENGTH DATA ELEMENTS--GENERAL INFORMATION | |
| fixed length control field | 220505s2022 si ob 001 0 eng d |
| 020 ## - INTERNATIONAL STANDARD BOOK NUMBER | |
| International Standard Book Number | 9789811242472 |
| -- | (ebook) |
| 020 ## - INTERNATIONAL STANDARD BOOK NUMBER | |
| International Standard Book Number | 981124247X |
| -- | (ebook) |
| 020 ## - INTERNATIONAL STANDARD BOOK NUMBER | |
| Cancelled/invalid ISBN | 9789811242465 |
| -- | (hbk.) |
| 020 ## - INTERNATIONAL STANDARD BOOK NUMBER | |
| Cancelled/invalid ISBN | 9811242461 |
| -- | (hbk.) |
| 072 #7 - SUBJECT CATEGORY CODE | |
| Subject category code | SCI |
| Subject category code subdivision | 029000 |
| Source | bisacsh |
| 072 #7 - SUBJECT CATEGORY CODE | |
| Subject category code | SCI |
| Subject category code subdivision | 102000 |
| Source | bisacsh |
| 072 #7 - SUBJECT CATEGORY CODE | |
| Subject category code | SCI |
| Subject category code subdivision | 010000 |
| Source | bisacsh |
| 082 04 - DEWEY DECIMAL CLASSIFICATION NUMBER | |
| Classification number | 572.8/629 |
| Edition number | 23 |
| 049 ## - LOCAL HOLDINGS (OCLC) | |
| Holding library | MAIN |
| 100 1# - MAIN ENTRY--PERSONAL NAME | |
| Personal name | Wang, Zhong |
| 245 10 - TITLE STATEMENT | |
| Title | Introduction to computational metagenomics / |
| Statement of responsibility, etc | Zhong Wang. |
| 260 ## - PUBLICATION, DISTRIBUTION, ETC. (IMPRINT) | |
| Place of publication, distribution, etc | Singapore : |
| Name of publisher, distributor, etc | World Scientific Publishing, |
| Date of publication, distribution, etc | [2022] |
| 300 ## - PHYSICAL DESCRIPTION | |
| Extent | 1 online resource (212 p.). |
| 505 0# - FORMATTED CONTENTS NOTE | |
| Contents | Computational metagenomics : a metagenomics perspective -- Computational metagenomics : a data engineering perspective -- Computational metagenomics : an algorithmic perspective -- Hardware and software aspects for scalable analysis -- Metagenomics data quality improvement -- Exploring community diversity : taxonomic analyses -- Functional metagenomics : gene and pathway-based analyses -- Deconvolute community metagenome into single genomes -- Single cell metagenomics -- Interactions between microbes and their environment. |
| 520 ## - SUMMARY, ETC. | |
| Summary, etc | "Breakthroughs in high-throughput genome sequencing and high-performance computing technologies have empowered scientists to decode many genomes including our own. Now they have a bigger ambition: to fully understand the vast diversity of microbial communities within us and around us, and to exploit their potential for the improvement of our health and environment. In this new field called metagenomics, microbial genomes are sequenced directly from the habitats without lab cultivation. Computational metagenomics, however, faces both a data challenge that deals with tens of tera-bases of sequences and an algorithmic one that deals with the complexity of thousands of species and their interactions. This interdisciplinary book is essential reading for those who are interested in beginning their own journey in computational metagenomics. It is a prism to look through various intricate computational metagenomics problems and unravel their three distinctive aspects: metagenomics, data engineering, and algorithms. Graduate students and advanced undergraduates from genomics science or computer science fields will find that the concepts explained in this book can serve as stepping stones for more advanced topics, while metagenomics practitioners and researchers from similar disciplines may use it to broaden their knowledge or identify new research targets"-- |
| 650 #0 - SUBJECT ADDED ENTRY--TOPICAL TERM | |
| Topical term or geographic name as entry element | Metagenomics. |
| 650 #0 - SUBJECT ADDED ENTRY--TOPICAL TERM | |
| Topical term or geographic name as entry element | Computational biology. |
| 856 40 - ELECTRONIC LOCATION AND ACCESS | |
| Uniform Resource Identifier | <a href="https://www.worldscientific.com/worldscibooks/10.1142/12425#t=toc">https://www.worldscientific.com/worldscibooks/10.1142/12425#t=toc</a> |
| 942 ## - ADDED ENTRY ELEMENTS (KOHA) | |
| Koha item type | Electronic Books |
| 100 1# - MAIN ENTRY--PERSONAL NAME | |
| Titles and other words associated with a name | (Computational biologist) |
| 504 ## - BIBLIOGRAPHY, ETC. NOTE | |
| Bibliography, etc | Includes bibliographical references and index. |
| 520 ## - SUMMARY, ETC. | |
| -- | Provided by publisher. |
| 538 ## - SYSTEM DETAILS NOTE | |
| System details note | Mode of access: World Wide Web. |
| 538 ## - SYSTEM DETAILS NOTE | |
| System details note | System requirements: Adobe Acrobat reader. |
| 655 #0 - INDEX TERM--GENRE/FORM | |
| Genre/form data or focus term | Electronic books. |
| Withdrawn status | Lost status | Source of classification or shelving scheme | Damaged status | Not for loan | Home library | Location | Date of Cataloging | Total Checkouts | Full call number | Barcode | Date last seen | Uniform Resource Identifier | Price effective from | Koha item type |
|---|---|---|---|---|---|---|---|---|---|---|---|---|---|---|
| Dewey Decimal Classification | CUTN Central Library | CUTN Central Library | 16/04/2026 | 572.8/629 | EB04968 | 16/04/2026 | https://doi.org/10.1142/12425 | 16/04/2026 | Electronic Books |
